000 01130nam a22002177a 4500
005 20210325185254.0
008 s2542 th tha d
041 _atha
090 _aอ AY40 ล761ม 2541
110 0 _aสำนักนายกรัฐมนตรี. สำนักเลขาธิการคณะรัฐมนตรี
245 1 0 _aมติคณะรัฐมนตรี (หนังสือเวียน) ประจำปี 2541
260 3 _aกรุงเทพฯ :
_bสำนักเลขาธิการคณะรัฐมนตรี,
_c2542
300 _a489 หน้า :
_b ตาราง ;
_c 26 ซม.
610 _aสำนักนายกรัฐมนตรี. สำนักเลขาธิการคณะรัฐมนตรี
650 0 4 _aมติคณะรัฐมนตรี (หนังสือเวียน) -- 2541
650 0 4 _aมติคณะรัฐมนตรี (หนังสือเวียน) -- 2541
850 _aNALT
942 _cREF
997 _c000000000022514
998 _aPRATHANA
999 _c22514
_d22514